banner koha

Quintais agroflorestais na Amazônia Central: caracterização, importância social e agrobiodiversidade (Registro n. 299655)

MARC details
000 -LÍDER
fixed length control field 03264nab a2200277 i 4500
003 - CÓDIGO MARC DA AGÊNCIA CATALOGADORA
Campo de controle BR-BrBNA
005 - DATA E HORA DA ÚLTIMA ATUALIZAÇÃO
Campo de controle 20240517133523.0
008 - CAMPO DE TAMANHO FIXO
fixed length control field 240517b2019 bl.qr|pooa||| 00| 0 por |
040 ## - FONTE DA CATALOGAÇÃO
Agência catalogadora BR-BrBNA
Idioma da catalogação por
072 ## - CATEGORIA AGRIS
Código AGRIS F08
072 ## - CATEGORIA AGRIS
Código AGRIS K10
072 ## - CATEGORIA AGRIS
Código AGRIS E11
100 ## - ENTRADA PRINCIPAL - NOME PESSOAL
Nome pessoal Rayol, Breno Pinto
100 ## - ENTRADA PRINCIPAL - NOME PESSOAL
Nome pessoal Miranda, Izildinha de Souza
245 ## - TÍTULO PRINCIPAL
Título principal Quintais agroflorestais na Amazônia Central: caracterização, importância social e agrobiodiversidade
500 ## - NOTA GERAL
Nota geral Publicação on-line; 38 ref.; 1 table; 2 illus.; Summaries (En, Pt)
942 ## - ADDED ENTRY ELEMENTS (KOHA)
Koha item type
520 ## - NOTA DE RESUMO
Nota de conteúdo <br/><br/>Resumo<br/><br/>O objetivo do presente estudo foi descrever as principais características dos quintais agroflorestais da<br/>Amazônia Central, assim como avaliar a importância social e a contribuição desses agroecossistemas<br/>para a conservação da agrobiodiversidade. Foram amostrados 334 quintais localizados em 14 municípios<br/>do Pará, Brasil. Os proprietários ou responsáveis foram entrevistados para a coleta de dados sobre o<br/>histórico, usos e práticas de manejo dos quintais. Os quintais da Amazônia Central são manejados de<br/>baixa a média intensidade com o uso de insumos internos e os principais critérios de seleção plantas<br/>estão relacionados aos seus potenciais de uso, formação de sombra e longevidade das espécies. Além<br/>da produção de alimentos para consumo familiar, os quintais desempenham funções estéticas, sociais,<br/>recreativas e religiosas. Os quintais agroflorestais da Amazônia Central desempenham importante papel<br/>na conservação da agrobiodiversidade.<br/><br/>Palavras-chave: Agrobiodiversidade; Agroecossistema; Agroflorestal
520 ## - NOTA DE RESUMO
Nota de conteúdo <br/><br/>Abstract<br/><br/>The objective of the present study was to describe the main characteristics of homegardens in Central<br/>Amazon, as well as to evaluate the social importance and contribution of these agroecosystems to the<br/>conservation of agrobiodiversity. Three hundred and thirty-four (334) homegardens in 14 municipalities<br/>in the state of Pará were sampled, Brazil. The owners or those responsible for the homegardens were<br/>interviewed for the collection of history, uses and management of these homegardens. The homegardens<br/>of Central Amazon are managed from low to medium intensity with the use of internal inputs and the<br/>main criteria for selecting plants are related to their potential use, shade formation and longevity of the<br/>species. In addition to the production of food for family consumption, homegardens have aesthetic, social,<br/>recreational and religious functions. The homegardens in Central Amazon have an important role in the<br/>conservation of agrobiodiversity.<br/><br/>Keywords: Agrobiodiversity; Agroecosystem; Agroforestry
650 ## - ASSUNTO - THESAGRO
Cabeçalho tópico ou nome geográfico BIODIVERSIDADE
650 ## - ASSUNTO - THESAGRO
Cabeçalho tópico ou nome geográfico AGROECOSSISTEMA
650 ## - ASSUNTO - THESAGRO
Cabeçalho tópico ou nome geográfico POMAR
773 0# - ENTRADA ANALÍTICA
Host Biblionumber 4065
Registro do item 314613
Imprenta Santa Maria-RS Universidade Federal de Santa Maria - Centro de Pesquisas Florestais.Departamento de Ciências Florestais. Programa de Pós-Graduação em Engenharia Florestal 1991
Outro identificador 2024-0865
Título Ciência Florestal (Brazil)
ISSN 0103-9954; 1980-5098 (on-line)
Colação v. 29(4) p. 1614-1629; (Oct-Dec 2019)
Número de controle de registro BR2023001707
856 ## - ACESSO E ENDEREÇO ELETRÔNICO
Identificador uniforme de recurso - URI https://www.scielo.br/j/cflo/a/KD8B4pHJPGM84fZ8cgKSWnb/?format=pdf&lang=pt

Nenhum exemplar disponível.

BINAGRI

Telefone: (61)3218-2567/2388/3357/2097 - binagri@agro.gov.br

Ministério da Agricultura e Pecuária , Esplanada dos Ministérios, Bloco D, Anexo B, Brasília/DF, CEP: 70.043-900